| 000 | 00814cab a2200181 4500 | ||
|---|---|---|---|
| 001 | L130119 | ||
| 008 | 050624n2005 000 0 eng u | ||
| 035 | _a(Sirsi) u130119 | ||
| 041 | _aeng | ||
| 245 | _aKPIs show improvement | ||
| 260 | _c2005 | ||
| 490 |
_aContract Journal _v428(6528) 8 June 2005, 4(1) |
||
| 520 | _aGive details of construction industry economic Key Performance Indicators (KPIs) which were published by Construction Excellence. Includes construction and housing KPIs and year on year comparisons for areas such as client satisfaction, the environmental impact process and predictability in cost and time. | ||
| 590 | _aIKA040705 | ||
| 650 | _aCONSTRUCTING EXCELLENCE CONSTRUCTION INDUSTRY KEY PERFORMANCE INDICATORS (ECONOMIC) | ||
| 690 |
_aConstruction management _96230 |
||
| 942 | _n0 | ||
| 999 |
_c75457 _d75457 |
||